书目信息 |
| 题名: |
基因克隆和DNA分析
|
|
| 作者: | 布朗 译 ;魏群 译 | |
| 分册: | ||
| 出版信息: | 北京 高等教育出版社 2007 |
|
| 页数: | 319页 | |
| 开本: | 26cm | |
| 丛书名: | 国外优秀生命科学教材译丛 | |
| 单 册: | ||
| 中图分类: | Q785 , Q523 | |
| 科图分类: | ||
| 主题词: | 无性系--基因工程--高等学校--教材 , 脱氧核糖核酸--高等学校--教材 , 无性系 , 基因工程 , 脱氧核糖核酸 | |
| 电子资源: | ||
| ISBN: | 978-7-04-022085-8 | |
| 000 | 01290oam2 2200361 450 | |
| 001 | 1550939892 | |
| 005 | 20150131140949.70 | |
| 010 | @a978-7-04-022085-8@dCNY37.00 | |
| 100 | @a20080319d2007 em y0chiy50 ea | |
| 101 | 1 | @achi@ceng |
| 102 | @aCN@b110000 | |
| 105 | @ay z 000yy | |
| 200 | 1 | @a基因克隆和DNA分析@9ji yin ke long he DNA fen xi@dGene cloning and DNA analysis: an introduction@e中文版@f(英)T. A. Brown著@g魏群[等]译@zeng |
| 205 | @a2版 | |
| 210 | @a北京@c高等教育出版社@d2007 | |
| 215 | @a319页@d26cm | |
| 225 | 2 | @a国外优秀生命科学教材译丛 |
| 305 | @a据原书第5版译出 | |
| 330 | @a本书详细阐述了分子生物学之基因克隆、基因表达、PCR、基因组学等基本研究技术原理,系统介绍了基因克隆和DNA分析在基础研究、医学、农学、法医学等领域中的实际应用。 | |
| 461 | 0 | @12001 @a国外优秀生命科学教材译丛 |
| 510 | 1 | @aGene cloning and DNA analysis: an introduction@zeng |
| 606 | 0 | @a无性系@x基因工程@x高等学校@j教材 |
| 606 | 0 | @a脱氧核糖核酸@x高等学校@j教材 |
| 606 | 0 | @a无性系 |
| 606 | 0 | @a基因工程 |
| 606 | 0 | @a脱氧核糖核酸 |
| 610 | 0 | @aDNA |
| 690 | @aQ785@v5 | |
| 690 | @aQ523@v5 | |
| 701 | 0 | @c(英)@a布朗@9bu lang@c(Brown, T.A,分子生物学)@4译 |
| 702 | 0 | @a魏群@9wei qun@c(女,@f1946.5~)@4译 |
| 801 | 0 | @aCN@bTSSF@c20150131 |
| 905 | @aZUCC@dQ785@eJY57 | |
| 基因克隆和DNA分析=Gene cloning and DNA analysis: an introduction:中文版/(英)T. A. Brown著/魏群[等]译.-2版.-北京:高等教育出版社,2007 |
| 319页;26cm.-(国外优秀生命科学教材译丛) |
| ISBN 978-7-04-022085-8:CNY37.00 |
| 本书详细阐述了分子生物学之基因克隆、基因表达、PCR、基因组学等基本研究技术原理,系统介绍了基因克隆和DNA分析在基础研究、医学、农学、法医学等领域中的实际应用。 |
| ● |
| 相关链接 |
|
|
|
|
正题名:基因克隆和DNA分析
索取号:Q785/JY57
 
预约/预借
| 序号 | 登录号 | 条形码 | 馆藏地/架位号 | 状态 | 备注 |
| 1 | 7863459 | 278634596 | 学院路分馆/ [索取号:Q785/JY57] | 在馆 | |
| 2 | 7863460 | 278634603 | 学院路分馆/ [索取号:Q785/JY57] | 在馆 |